Welcome to the Holygrace Academy Library

Please use search bar below to get started

EMOTIONAL INTELLIGENCE (Record no. 5391)

MARC details
000 -LEADER
fixed length control field 00306nam a22001337a 4500
020 ## - INTERNATIONAL STANDARD BOOK NUMBER
ISBN 978-93-82563-79-2
082 ## - DEWEY DECIMAL CLASSIFICATION NUMBER
Classification number 158
Item number GOL/E
100 ## - MAIN ENTRY--AUTHOR NAME
Personal name GOLEMAN,DANIEL
245 ## - TITLE STATEMENT
Title EMOTIONAL INTELLIGENCE
260 ## - PUBLICATION, DISTRIBUTION, ETC. (IMPRINT)
Place of publication LONDON
Name of publisher BLOOMSBURY
300 ## - PHYSICAL DESCRIPTION
Number of Pages 352
650 ## - SUBJECT ADDED ENTRY--TOPICAL TERM
Topical Term PERSONALITY DEVELOPMENT
Geographic subdivision LONDON
942 ## - ADDED ENTRY ELEMENTS (KOHA)
Koha item type Books
Holdings
Withdrawn status Lost status Collection code Home library Current library Shelving location Date acquired Source of acquisition Serial Enumeration / chronology Full call number Accession Number Koha item type
    Reference Main Library Main Library SHELF-17G-PERSONALITY DEVELOPMENT BOOKS 14/08/2013 PURCHASE 299 158 GOL/E 07551 Books